01009cam a22002655a 4500999001700000005001700017008004100034020001800075020001500093040005000108082002000158100003700178245009100215250004000306260005300346300003700399504005100436541002700487650003400514651001000548653002200558700003300580942000800613952012200621 c27409d2738020190519114255.0031010t2005 ohua frb 001 0 eng d a9780324224993 a0324224990 aStDuBDSbengcStDuBDSdUkdEG-ScBUEdEG-ScBUE04a658.15bBRI2221 aBrigham, Eugene F.,d1930-9769410aFinancial management :btheory and practice /cEugene F. Brigham, Michael C. Ehrhardt. a11th ed., International student ed. aMason, Ohio :bThomsom / South-Western,cc.2005. axxiii, 1000 p. :bill. ;c28 cm. aIncludes bibliographical references and index. aMohamed Ahmed Nageeb ; 7aCorporationsxFinance.2BUEsh 2BUEsh bBUSECOcApril20191 aEhrhardt, Michael C.,d1955- 2ddc 00102ddc40708Donation-GaMAINbMAINc1STd2019-04-21eDonationl0o658.15 BRIp000043531r2025-07-15 00:00:00yBB